[Event "IND-ch U15"]
[Site "Mumbai"]
[Date "2023.11.19"]
[Round "5"]
[White "Maniar, Hriday"]
[Black "Nova, Ayer Juyal"]
[Result "1-0"]
[WhiteElo "1355"]
[BlackElo "1136"]
[PlyCount "63"]
[EventDate "2023.11.15"]
[EventType "swiss"]
[EventRounds "7"]
[EventCountry "IND"]
[SourceTitle "CB49_2023"]
[SourceDate "2023.12.06"]
[SourceVersion "1"]
[SourceVersionDate "2023.12.06"]
[SourceQuality "1"]

1. c4 Nf6 2. Nc3 e6 3. e4 d5 4. e5 Nfd7 5. d4 c6 6. Be3 h6 7. f4 Be7 8. Nf3 dxc4 9. Bxc4 b5 10. Bd3 Nb6 11. 0-0 a6 12. a3 Qc7 13. Kh1 Bb7 14. f5 exf5 15. Bxf5 N8d7 16. e6 fxe6 17. Bg6+ Kd8 18. Bf7 Nc4 19. Bf2 Nxb2 20. Qe2 Nc4 21. Bxe6 Nxa3 22. Bxd7 Qxd7 23. Ne5 Qe6 24. d5 cxd5 25. Nf7+ Qxf7 26. Bb6+ Ke8 27. Rxf7 Kxf7 28. Nxd5 Bxd5 29. Qh5+ Ke6 30. Re1+ Kd6 31. Qe5+ Kc6 32. Qc7# 1-0